LIBRARY & INFORMATION CENTRE, KCAET, TAVANUR

ONLINE PUBLIC ACCESS CATALOGUE (OPAC)

Introduction to engineering drawing: The foundations of engineering design and computer aided drafting / (Record no. 181)

MARC details
000 -LEADER
fixed length control field 00529cam a2200181ua 4500
020 ## - INTERNATIONAL STANDARD BOOK NUMBER
ISBN 0-13-482373-7
041 ## - LANGUAGE CODE
Language code of text/sound track or separate title eng
082 ## - DEWEY DECIMAL CLASSIFICATION NUMBER
Classification number 604.2
Item number LUZ/IN
100 ## - MAIN ENTRY--AUTHOR NAME
Personal name Luzadder, Warren J.
245 ## - TITLE STATEMENT
Title Introduction to engineering drawing: The foundations of engineering design and computer aided drafting /
250 ## - EDITION STATEMENT
Edition statement 1 /
260 ## - PUBLICATION, DISTRIBUTION, ETC. (IMPRINT)
Place of publication New Jersey :
Name of publisher Prentice Hall Inc ,
Year of publication 1989.
300 ## - PHYSICAL DESCRIPTION
Number of Pages 357 ; .
700 1# - ADDED ENTRY--PERSONAL NAME
Personal name Duff, Jon M.
942 ## - ADDED ENTRY ELEMENTS (KOHA)
Koha item type Books
Holdings
Withdrawn status Lost status Damaged status Home library Current library Date acquired Full call number Accession Number Koha item type
      KAUAET KAUAET 07/04/2012 604.2 17661 Books
free website counter